| 000 -LEADER |
| fixed length control field |
00560nam a22001817a 4500 |
| 008 - FIXED-LENGTH DATA ELEMENTS--GENERAL INFORMATION |
| fixed length control field |
210326b ||||| |||| 00| 0 eng d |
| 040 ## - CATALOGING SOURCE |
| Original cataloging agency |
BMS College of Architecture |
| 100 ## - MAIN ENTRY--PERSONAL NAME |
| Personal name |
Dhar, Tutul |
| 245 ## - TITLE STATEMENT |
| Title |
Proposed I. T. Center at Technopark Tiruvanathpuram Kerela |
| 300 ## - PHYSICAL DESCRIPTION |
| Extent |
NA |
| 500 ## - GENERAL NOTE |
| General note |
1BM00AT040 |
| 502 ## - DISSERTATION NOTE |
| Degree type |
B.Arch |
| Name of granting institution |
BMS College of Architecture, Visvesvaraya Technological University |
| Dissertation note |
Project report |
| Year degree granted |
2009 |
| 650 ## - SUBJECT ADDED ENTRY--TOPICAL TERM |
| Topical term or geographic name as entry element |
Tiruvanathpuram |
| 650 ## - SUBJECT ADDED ENTRY--TOPICAL TERM |
| Topical term or geographic name as entry element |
Kerela |
| 700 ## - ADDED ENTRY--PERSONAL NAME |
| Personal name |
K Manjula |
| Relator term |
Guide |
| 700 ## - ADDED ENTRY--PERSONAL NAME |
| Personal name |
Satish Rao |
| Relator term |
Guide |
| 942 ## - ADDED ENTRY ELEMENTS (KOHA) |
| Source of classification or shelving scheme |
|
| Koha item type |
UG-Thesis and Dissertations |